| 000 | 00678nam a2200217 a 4500 | ||
|---|---|---|---|
| 003 | PILC | ||
| 005 | 20160130101854.0 | ||
| 008 | 091127s19uu xx 00 eng d | ||
| 020 | _a9780137143504 | ||
| 050 |
_aBF 121 _b.C795 2009 |
||
| 245 |
_aCurrent directions in introductory psychology / _cedited by Abigail A. Baird, Michael M. Tagade, Heather B. Veague. |
||
| 250 | _a2nd edition. | ||
| 260 |
_aNew Jersey : _bPearson, _c2009. |
||
| 300 |
_a244 pages : _billustrations ; _c23 cm. |
||
| 500 | _aIncludes bibliographical references. | ||
| 650 | _aPsychology. | ||
| 700 | _aTugade, Michele | ||
| 700 | _aVeague, Heather B. | ||
| 942 |
_cBK _2lcc _kFOR |
||
| 999 |
_c23693 _d23693 |
||